Handbook of structural welding (Бичлэгийн дугаар. 146040)
| 000 -УДИРДЛАГА | |
|---|---|
| Удирдлага | 00818nam a22002897a 4500 |
| 003 - ХЯНАЛТЫН ТОО ТОДОРХОЙЛОГЧ | |
| Код | MN-UlNUM |
| 005 - БИЧИЛТ ХИЙСЭН ОГНОО | |
| Тухайн бичилтийг бичсэн засварласан сүүлийн огноо | 20251231113754.0 |
| 008 - ЕРӨНХИЙ МЭДЭЭЛЭЛ | |
| Ерөнхий мэдээлэл | 251231r1992 nyuab||| |||| 001 0 eng | |
| 020 ## - ISBN | |
| ISBN | 0070316848 |
| 040 ## - БИЧЛЭГ ҮҮСГЭГЧ БАЙГУУЛЛАГА | |
| Бичлэг үүсгэгч номын сангийн код | МУИС-ийн номын сан |
| 084 ## - ББК АНГИЛАЛ | |
| Нэмэлт тусгалт | Бусад |
| ББК ангилал | 38.634 |
| Зохиогчийн гурван тэмдэгт | L 22 |
| Мэдлэгийн ялгаа | 3 - Техник |
| 100 1# - ЗОХИОГЧ | |
| Зохиогчийн нэр | Lancaster, J. F. |
| 245 10 - ҮНДСЭН ГАРЧИГ | |
| Номын нэр | Handbook of structural welding |
| Оролцогчдын тухай мэдээ | John Lancaster. |
| 260 ## - ГАРАЛТЫН МЭДЭЭ | |
| Хэвлэгдсэн газар | New York : |
| Хэвлэлийн газар | McGraw-Hill, |
| Хэвлэгдсэн он | [1993] |
| 300 ## - МАТЕРИАЛЫН ТОДОРХОЙЛОЛТ | |
| хуудасны тоо | viii, 436 p. : |
| Бусад тоон мэдээлэл | ill. ; |
| Хэмжээ | 24 cm. |
| 500 ## - Тайлбар | |
| Дансны дугаар | БС 4791 |
| 546 ## - ХЭЛНИЙ ТУХАЙ МЭДЭЭ | |
| Хэл | Англи хэл дээр, |
| 653 ## - Түлхүүр үг | |
| Түлхүүр үг | welding |
| 653 ## - Түлхүүр үг | |
| Түлхүүр үг | steel, Structural |
| 740 ## - НОМЫН ГАРЧИГ | |
| Гарчиг | Processes |
| 740 ## - НОМЫН ГАРЧИГ | |
| Гарчиг | The metallurgical effects of fusion welding |
| 740 ## - НОМЫН ГАРЧИГ | |
| Гарчиг | The behaviour of welds in service |
| 740 ## - НОМЫН ГАРЧИГ | |
| Гарчиг | Structures |
| 942 ## - ЭЛЕМЕНТИЙН ТӨРӨЛ | |
| Зүйлийн төрөл | Ном |
